<?xml version="1.0" encoding="UTF-8"?>
<record
    xmlns:xsi="http://www.w3.org/2001/XMLSchema-instance"
    xsi:schemaLocation="http://www.loc.gov/MARC21/slim http://www.loc.gov/standards/marcxml/schema/MARC21slim.xsd"
    xmlns="http://www.loc.gov/MARC21/slim">

  <leader>03246cam a2200517 i 4500</leader>
  <controlfield tag="001">22597676</controlfield>
  <controlfield tag="003">OSt</controlfield>
  <controlfield tag="005">20260313212841.0</controlfield>
  <controlfield tag="008">220412s2021    mx a     b    000 0 spa  </controlfield>
  <datafield tag="010" ind1=" " ind2=" ">
    <subfield code="a">  2022432063</subfield>
  </datafield>
  <datafield tag="020" ind1=" " ind2=" ">
    <subfield code="a">9786073051828</subfield>
    <subfield code="q">(impreso : UNAM)</subfield>
  </datafield>
  <datafield tag="020" ind1=" " ind2=" ">
    <subfield code="a">6073051824</subfield>
    <subfield code="q">(impreso : UNAM)</subfield>
  </datafield>
  <datafield tag="020" ind1=" " ind2=" ">
    <subfield code="a">9788417975920</subfield>
    <subfield code="q">(impreso : Editiorial RM)</subfield>
  </datafield>
  <datafield tag="020" ind1=" " ind2=" ">
    <subfield code="a">8417975926</subfield>
    <subfield code="q">(impreso : Editiorial RM)</subfield>
  </datafield>
  <datafield tag="035" ind1=" " ind2=" ">
    <subfield code="a">22597676</subfield>
  </datafield>
  <datafield tag="035" ind1=" " ind2=" ">
    <subfield code="a">(CVcHKB)hkb0000010962</subfield>
  </datafield>
  <datafield tag="040" ind1=" " ind2=" ">
    <subfield code="a">DLC</subfield>
    <subfield code="b">eng</subfield>
    <subfield code="e">rda</subfield>
    <subfield code="c">DLC</subfield>
    <subfield code="d">DLC</subfield>
  </datafield>
  <datafield tag="041" ind1="0" ind2=" ">
    <subfield code="a">spa</subfield>
    <subfield code="a">eng</subfield>
  </datafield>
  <datafield tag="042" ind1=" " ind2=" ">
    <subfield code="a">pcc</subfield>
  </datafield>
  <datafield tag="050" ind1="0" ind2="0">
    <subfield code="a">N6559.C3735</subfield>
    <subfield code="b">A4 2021</subfield>
  </datafield>
  <datafield tag="082" ind1="0" ind2="0">
    <subfield code="a">709.2</subfield>
    <subfield code="2">23/eng/20240409</subfield>
  </datafield>
  <datafield tag="100" ind1="1" ind2=" ">
    <subfield code="a">Castillo Deball, Mariana,</subfield>
    <subfield code="e">autora.</subfield>
  </datafield>
  <datafield tag="240" ind1="1" ind2="0">
    <subfield code="a">Works.</subfield>
    <subfield code="k">Selections</subfield>
  </datafield>
  <datafield tag="245" ind1="1" ind2="0">
    <subfield code="a">Amarantus /</subfield>
    <subfield code="c">Mariana Castillo Deball</subfield>
  </datafield>
  <datafield tag="250" ind1=" " ind2=" ">
    <subfield code="a">Primera edici&#xF3;n.</subfield>
  </datafield>
  <datafield tag="264" ind1=" " ind2="1">
    <subfield code="a">Ciudad de Mexico :</subfield>
    <subfield code="b">MUAC, Museo Universitario Arte Contempor&#xE1;neo, UNAM :</subfield>
    <subfield code="b">Editorial RM,</subfield>
    <subfield code="c">2021.</subfield>
  </datafield>
  <datafield tag="300" ind1=" " ind2=" ">
    <subfield code="a">239 p&#xE1;ginas :</subfield>
    <subfield code="b">ilustraciones a color ;</subfield>
    <subfield code="c">24 cm.</subfield>
  </datafield>
  <datafield tag="336" ind1=" " ind2=" ">
    <subfield code="a">texto</subfield>
    <subfield code="b">txt</subfield>
    <subfield code="2">contenido RDA</subfield>
  </datafield>
  <datafield tag="337" ind1=" " ind2=" ">
    <subfield code="a">sin medio</subfield>
    <subfield code="b">n</subfield>
    <subfield code="2">medio RDA</subfield>
  </datafield>
  <datafield tag="338" ind1=" " ind2=" ">
    <subfield code="a">volumeN</subfield>
    <subfield code="b">nc</subfield>
    <subfield code="2">soporte RDA</subfield>
  </datafield>
  <datafield tag="490" ind1="0" ind2=" ">
    <subfield code="a">Folio MUAC ;</subfield>
    <subfield code="v">089</subfield>
  </datafield>
  <datafield tag="500" ind1=" " ind2=" ">
    <subfield code="a">"Publicado con motivo de la exposici&#xF3;n Mariana Castillo Deball: amarantus. (16 de octubre de 2021 al 1 de mayo de 2022) MUAC, Museo Universitario Arte Contempor&#xE1;neo. UNAM, Universidad Nacional Aut&#xF3;noma de M&#xE9;xico, Ciudad de M&#xE9;xico."--Colof&#xF3;n.</subfield>
  </datafield>
  <datafield tag="504" ind1=" " ind2=" ">
    <subfield code="a">Incluye referencias bibliogr&#xE1;ficas.</subfield>
  </datafield>
  <datafield tag="505" ind1="8" ind2=" ">
    <subfield code="a">Presentaci&#xF3;n = Pr&#xF3;logo / Heinz-Peter Tempe &#xED; -- Atrapar el azar = Capturando oportunidades / Catalina Lozano - - V&#xFA;j&#xE1; de: m&#xE1;s all&#xE1; de los libros = V&#xFA;j&#xE1; de: Beyond books / Mariana Castillo Deball -- Mbo Xt&#xE1; r&#xED;da: gente piel = Mbo Xt&#xE1; r&#xED;da: skin people / Hubert Mati&#xFA;waa -- El jardin del pintor = The pintor's garden / Tatiana Falc &#xF3;n -- La doble vida del C&#xF3;dice Azoy&#xFA; = La doble vida del c&#xF3;dice Azoy&#xFA; / Mariana Castillo Deball, Isadora Hastings -- Semblanza = Semblanza biogr&#xE1;fica -- Cat&#xE1;logo = Cat&#xE1;logo.</subfield>
  </datafield>
  <datafield tag="520" ind1=" " ind2=" ">
    <subfield code="a">Amarantus es la primera retrospectiva en M&#xE9;xico de la obra de Mariana Castillo Deball (Ciudad de M&#xE9;xico, 1975, vive y trabaja en Alemania), quien, a lo largo de los &#xFA;ltimos veinte a&#xF1;os, ha creado un vasto corpus de trabajo en el espacio entre la ciencia, la narrativa, la ficci&#xF3;n y las artes visuales, as&#xED; como su relaci&#xF3;n con las formas en que la historia precolonial de M&#xE9;xico ha sido apropiada e investigada en diferentes momentos.</subfield>
  </datafield>
  <datafield tag="546" ind1=" " ind2=" ">
    <subfield code="a">Text in Spanish and English.</subfield>
  </datafield>
  <datafield tag="600" ind1="1" ind2="0">
    <subfield code="a">Castillo Deball, Mariana,</subfield>
    <subfield code="d">1975-</subfield>
    <subfield code="v">Exposiciones.</subfield>
  </datafield>
  <datafield tag="600" ind1="1" ind2="0">
    <subfield code="a">Castillo Deball, Mariana,</subfield>
    <subfield code="d">1975-</subfield>
    <subfield code="x">Cr&#xED;tica e interpretaci&#xF3;n.</subfield>
  </datafield>
  <datafield tag="650" ind1=" " ind2="0">
    <subfield code="a">Arte, Moderno</subfield>
    <subfield code="y">siglo XXI</subfield>
    <subfield code="v">Exposiciones.</subfield>
  </datafield>
  <datafield tag="655" ind1=" " ind2="7">
    <subfield code="a">Cat&#xE1;logos de exposiciones.</subfield>
    <subfield code="2">lcgft</subfield>
    <subfield code="0">https://id.loc.gov/authorities/genreForms/gf2014026098</subfield>
  </datafield>
  <datafield tag="710" ind1="2" ind2=" ">
    <subfield code="a">Universidad Nacional Aut&#xF3;noma de M&#xE9;xico.</subfield>
    <subfield code="b">Museo Universitario Arte Contempor&#xE1;neo,</subfield>
    <subfield code="e">instituci&#xF3;n anfitriona.</subfield>
  </datafield>
  <datafield tag="906" ind1=" " ind2=" ">
    <subfield code="a">7</subfield>
    <subfield code="b">cbc</subfield>
    <subfield code="c">origres</subfield>
    <subfield code="d">2</subfield>
    <subfield code="e">ncip</subfield>
    <subfield code="f">20</subfield>
    <subfield code="g">y-gencatlg</subfield>
  </datafield>
  <datafield tag="942" ind1=" " ind2=" ">
    <subfield code="2">ddc</subfield>
    <subfield code="c">1</subfield>
    <subfield code="n">0</subfield>
  </datafield>
  <datafield tag="999" ind1=" " ind2=" ">
    <subfield code="c">4602</subfield>
    <subfield code="d">4602</subfield>
  </datafield>
  <datafield tag="952" ind1=" " ind2=" ">
    <subfield code="0">0</subfield>
    <subfield code="1">0</subfield>
    <subfield code="2">ddc</subfield>
    <subfield code="4">0</subfield>
    <subfield code="7">0</subfield>
    <subfield code="a">LV</subfield>
    <subfield code="b">LV</subfield>
    <subfield code="d">2026-03-13</subfield>
    <subfield code="l">0</subfield>
    <subfield code="o">708 C352m</subfield>
    <subfield code="p">9788417975920</subfield>
    <subfield code="r">2026-03-13 21:29:50</subfield>
    <subfield code="w">2026-03-13</subfield>
    <subfield code="y">1</subfield>
  </datafield>
</record>
